Bonitné a bankrotné modely hodnotenia výkonnosti podniku

Hodnotenie finančnej situácie podniku. Bonitné modely. Index bonity. Bankrotné modely. Tafflerov index. Altmanovo Z-skóre. CH-index. Bonitno-bankrotné modely.

Gespeichert in:
Bibliographische Detailangaben
1. Verfasser: Jauschová, Zuzana
Format: Buchkapitel
Sprache:Slowakisch
Schlagworte:
Tags: Tag hinzufügen
Keine Tags, Fügen Sie das erste Tag hinzu!

MARC

LEADER 00000nla a2200000 4500
001 0180538
005 20240502073059.0
041 0 |a slo 
044 |a SK 
245 1 0 |a Bonitné a bankrotné modely hodnotenia výkonnosti podniku  |c Zuzana Jauschová 
520 |a Hodnotenie finančnej situácie podniku. Bonitné modely. Index bonity. Bankrotné modely. Tafflerov index. Altmanovo Z-skóre. CH-index. Bonitno-bankrotné modely. 
610 2 0 |a podnik 
610 2 0 |a výkonnosť podniku 
610 2 0 |a bonita 
610 2 0 |a financie 
610 2 0 |a bankrot 
610 2 0 |a modely 
610 2 0 |a indexy 
100 1 |a Jauschová, Zuzana